[Event "Gatineau Monarque Noir op"]
[Site "Gatineau"]
[Date "2006.02.07"]
[Round "6"]
[White "Thompson, Daniel"]
[Black "Blais, Francois"]
[Result "1-0"]
[WhiteElo "1363"]
[BlackElo "1565"]
[PlyCount "57"]
[EventDate "2006.01.03"]
[EventType "swiss"]
[EventRounds "7"]
[EventCountry "CAN"]
[SourceTitle "EXT 2007"]
[Source "ChessBase"]
[SourceDate "2006.11.23"]
[SourceVersion "1"]
[SourceVersionDate "2006.11.23"]
[SourceQuality "1"]

1. d4 Nf6 2. c4 e6 3. Nc3 Bb4 4. e3 b6 5. Bd3 Bxc3+ 6. bxc3 Bb7 7. f3 0-0 8. Ne2 d6 9. 0-0 c5 10. e4 Nbd7 11. Bg5 Qc7 12. d5 e5 13. f4 h6 14. Bxf6 Nxf6 15. Ng3 Rae8 16. fxe5 Rxe5 17. Rxf6 gxf6 18. Nf5 Rxf5 19. exf5 Qe7 20. Qd2 Kh7 21. Re1 Qd8 22. Re3 Rg8 23. Rh3 Rg5 24. Re3 Bc8 25. Kh1 Bxf5 26. Bxf5+ Rxf5 27. Qc2 Qd7 28. g4 Kg7 29. gxf5 1-0